000
00296nam a22001337a 4500
008
170331b xxu||||| |||| 00| 0 eng d
020
_a
0961820926
041
_a
eng
080
_a
616-053.2
100
_a
8
101
_a
SHM
245
_a
ASSESSMENT OF CHILDREN
_c
SATTLER, J.M
942
_2
udc
_c
BK
999
_c
9235
_d
9235